Biosignal and medical image processing [3rd ed.] (Record no. 26764)
[ view plain ]
| 000 -LEADER | |
|---|---|
| fixed length control field | 00489nam a2200181Ia 4500 |
| 008 - FIXED-LENGTH DATA ELEMENTS--GENERAL INFORMATION | |
| fixed length control field | 170106s2014||||xx |||||||||||||| ||und|| |
| 020 ## - INTERNATIONAL STANDARD BOOK NUMBER | |
| International Standard Book Number | 9781466567368 |
| Qualifying information | hb |
| 082 ## - DEWEY DECIMAL CLASSIFICATION NUMBER | |
| Classification number | 616.0754 |
| Item number | SEM |
| 041 ## - LANGUAGE CODE | |
| Language code of text/sound track or separate title | eng |
| 100 ## - MAIN ENTRY--PERSONAL NAME | |
| Personal name | Semmlow, John L. |
| 245 #0 - TITLE STATEMENT | |
| Title | Biosignal and medical image processing [3rd ed.] |
| 250 ## - EDITION STATEMENT | |
| Edition statement | 3rd ed. |
| 260 ## - PUBLICATION, DISTRIBUTION, ETC. | |
| Place of publication, distribution, etc. | Boca Raton |
| Name of publisher, distributor, etc. | CRC Press |
| Date of publication, distribution, etc. | 2014 |
| 300 ## - PHYSICAL DESCRIPTION | |
| Extent | xxi , 608 p. ; 25.5 cm |
| 650 ## - SUBJECT ADDED ENTRY--TOPICAL TERM | |
| Topical term or geographic name entry element | Biomedical Science |
| 700 ## - ADDED ENTRY--PERSONAL NAME | |
| Personal name | Griffel, Benjamin |
| 942 ## - ADDED ENTRY ELEMENTS (KOHA) | |
| Koha item type | Book |
| Withdrawn status | Lost status | Damaged status | Not for loan | Home library | Current library | Shelving location | Date acquired | Source of acquisition | Total Checkouts | Total Renewals | Full call number | Barcode | Date last seen | Date last checked out | Price effective from | Koha item type |
|---|---|---|---|---|---|---|---|---|---|---|---|---|---|---|---|---|
| LRC, IIT Indore | LRC, IIT Indore | 2nd Floor - General Stack | 30/05/2014 | PO No. 293 ; Vendor: Better Book Service, Delhi ; Bill No. BBS/7, dt.23.05.2014; Price: UKP 76.99 | 15 | 12 | 616.0754 SEM | 26764 | 20/05/2026 | 20/03/2026 | 30/05/2014 | Book |
